000 00315nam a22001457a 4500
008 210303b ||||| |||| 00| 0 eng d
020 _a0324259115
041 _aeng
080 _22nd
_a338
082 _a338
100 _a53
101 _aMEN
245 _aEffective Management
_cWilliams, CH
942 _2udc
_cBK
999 _c55589
_d55589